| 000 | 00822nam a2200241 i 4500 | ||
|---|---|---|---|
| 001 | 122309 | ||
| 003 | ES-MaACL | ||
| 005 | 20230906191942.0 | ||
| 007 | t| | ||
| 008 | 070524s1929 sp ||||1| spa d | ||
| 080 | _a821.134.2-22"22" | ||
| 100 | 1 |
_aPaso, Antonio. _989421 |
|
| 245 | 1 | 0 |
_aSixto sexto _b: apropósito cómico en tres actos y en prosa / _cAntonio Paso y Antonio Estremera ; dibujos de Almada. |
| 260 |
_aMadrid : _bEditorial Estampa, _c1929. |
||
| 300 |
_a64 p. : _bil. ; _c16 cm. |
||
| 490 | 1 |
_aFarsa ; _v113 |
|
| 500 | _aEstrenado en el teatro de la Comedia de Madrid el día 3 de mayo de 1929. | ||
| 700 | 1 |
_aEstremera, Antonio. _948253 |
|
| 700 | 1 |
_aAlmada Negreiros, José de. _920067 |
|
| 830 | 0 |
_aFarsa ; _v113 _9186562 |
|
| 852 |
_aES-MaACL _jG-8823 _bR.142276 |
||
| 999 |
_c122309 _d122309 |
||